| 000 -LEADER |
| fixed length control field |
00412pab a2200145 454500 |
| 008 - FIXED-LENGTH DATA ELEMENTS--GENERAL INFORMATION |
| fixed length control field |
180718b004 xxu||||| |||| 00| 0 eng d |
| 100 ## - MAIN ENTRY--PERSONAL NAME |
| Personal name |
Strenger, Carlo |
| 245 ## - TITLE STATEMENT |
| Title |
Mentoring the patients self-creation: thoughts on the nature of the therapeutic relationship |
| 260 ## - PUBLICATION, DISTRIBUTION, ETC. |
| Date of publication, distribution, etc. |
004 |
| 300 ## - PHYSICAL DESCRIPTION |
| Extent |
p.377-405. |
| 362 ## - DATES OF PUBLICATION AND/OR SEQUENTIAL DESIGNATION |
| Dates of publication and/or sequential designation |
Summer |
| 650 ## - SUBJECT ADDED ENTRY--TOPICAL TERM |
| Topical term or geographic name entry element |
Therapy |
| 773 ## - HOST ITEM ENTRY |
| Main entry heading |
Journal of Humanistic Psychology |
| 909 ## - |
| -- |
61894 |